Introduction à la sociologie (notice n° 1925455)
[ vue normale ]
| 000 -LEADER | |
|---|---|
| fixed length control field | 00925cam a2200145 4500500 |
| 005 - DATE AND TIME OF LATEST TRANSACTION | |
| control field | 20260329023211.0 |
| 041 ## - LANGUAGE CODE | |
| Language code of text/sound track or separate title | fre |
| 042 ## - AUTHENTICATION CODE | |
| Authentication code | dc |
| 100 10 - MAIN ENTRY--PERSONAL NAME | |
| Personal name | Ferréol, Gilles |
| Relator term | author |
| 245 00 - TITLE STATEMENT | |
| Title | Introduction à la sociologie |
| 260 ## - PUBLICATION, DISTRIBUTION, ETC. | |
| Name of publisher, distributor, etc. | Armand Colin,<br/> |
| Date of publication, distribution, etc. | 2010.<br/> |
| 520 ## - SUMMARY, ETC. | |
| Summary, etc. | 1. Les pères fondateurs2. La connaissance du social 3. Stratifications et hiérarchies sociales4. Institution familiale et processus de socialisation5. Éducation et inégalités 6. Culture et styles de vie 7. Travail et emploi 8. Organisations et pouvoir Cet essai est un coup de maître. Difficile de donner en aussi peu de pages un aperçu si pertinent des différents aspects de la discipline. Beaucoup d’exemples, et une exposition nerveuse et stimulante.La Recherche |
| 700 10 - ADDED ENTRY--PERSONAL NAME | |
| Personal name | Noreck, Jean-Pierre |
| Relator term | author |
| 856 41 - ELECTRONIC LOCATION AND ACCESS | |
| Uniform Resource Identifier | <a href="https://shs.cairn.info/introduction-a-la-sociologie--9782200249175?lang=fr&redirect-ssocas=7080">https://shs.cairn.info/introduction-a-la-sociologie--9782200249175?lang=fr&redirect-ssocas=7080</a> |
Pas d'exemplaire disponible.




Réseaux sociaux